000 00645nam a2200277Ia 4500
005 20260324135631.0
008 008 260324s9999 xx 000 0 eng d
020 _a9781003122616
037 _aEBOOK
040 _aCRL
040 _beng
040 _cCRL
041 _2eng
041 _aeng
084 _qCRL
100 _aFrancis Rose; Peter Birks
_91201319
245 0 _aLessons of the Swaps Litigation
260 _bTaylor and Francis
260 _c2000
365 _a
365 _b315
856 _uhttp://www.taylorfrancis.com/books/9781003122616
942 _cEBOOK
999 _c1802620
_d1802620